• 首页
  • 本馆介绍
  • 公告通知
  • 最新文献
  • 馆藏检索
  • 电子资源
  • 读者导购
  • 参考咨询
  • 我的图书馆
  • 登录
  • 详细信息显示
  • 放入我的书架
  • 预约/预借图书
  • 作者相关作品
  • 分类相关作品
  • 丛书相关作品
  • 出版社相关作品

书目信息

  • 表格格式
  • 工作单格式
  • 卡片格式
题名:
高中代数双基训练
    
 
作者: 翟连林 主编 ;段云鑫 , 蒋省吾 编
分册:  
出版信息: 北京   中国农业机械出版社  1985
页数: 449页
开本: 19cm
丛书名: 数学自学丛书
单 册:
中图分类: G633.62 , G633.6
科图分类:
主题词: 代数--高中--教学参考资料 , 教育--各级
电子资源:
ISBN:
000 00793nam2 2200289 45
001 0185013411
005 20040430085024.2
010    @dCNY1.30
100    @a19951025d1985 em y0chiy0121 ea
101 0  @achi
102    @aCN@b110000
105    @ay z 000yy
106    @ar
200 10 @a高中代数双基训练@Agao zhong dai shu shuang ji xun lian@f翟连林主编
210    @a北京@c中国农业机械出版社@d1985
215    @a449页@d19cm
225 2  @a数学自学丛书
606    @a代数@x高中@x教学参考资料
606 0  @a教育@x各级
690    @aG633.62@v3
690    @aG633.6
701  0 @a翟连林@4主编@Adi lian lin
702  0 @a段云鑫@4编@Aduan yun xin
702  0 @a蒋省吾@AJiang Sheng Wu@4编
801  0 @aCN@b深圳图书馆@c20040430
801  2 @aCN@bNLC@c20040430
905    @f1@b91124@dG633.6@e45
    
    高中代数双基训练/翟连林主编.-北京:中国农业机械出版社,1985
    449页;19cm.-(数学自学丛书)
    
    
    ISBN :CNY1.30
    
●
相关链接 在E读中查询图书 在五车中查询图书 在当当中查询图书 在豆瓣中查询图书


正题名:高中代数双基训练     索取号:G633.6/45         预约/预借

序号 登录号 条形码 馆藏地/架位号 状态 备注
1 0091124   000249350   密集书库/ [索取号:G633.6/45] 在馆    
2 0091125   000249341   第一样本阅览室/ [索取号:G633.6/45] 在馆    
唐山师范学院图书馆 欢迎您!
大连网信软件有限公司© 版权所有